00281nam a2200121Ia 4500008004100000100000900041245004100050260002600091300000800117650001000125942000700135999001700142190216s9999||||xx |||||||||||||| ||und|| aNull 0aHindi-Hindi Sahithyamem Vyagay Vinod bPublications Division a227 aHindi cBK c15837d15837